Εισαγωγή στην ανάκτηση πληροφοριών

Αποθηκεύτηκε σε:
Λεπτομέρειες βιβλιογραφικής εγγραφής
Κύριοι συγγραφείς: Manning, Christopher D., Raghavan, Prabhakar (Συγγραφέας), Schutze, Hinrich (Συγγραφέας)
Άλλοι συγγραφείς: Κωστάκης, Δημήτρης (Μεταφραστής), Ρεφανίδης, Ιωάννης (Επιμελητής έκδοσης)
Μορφή: Βιβλίο
Γλώσσα:Greek
Δημοσίευση: Αθήνα : Κλειδάριθμος, c2012.
Θέματα:
Ετικέτες: Προσθήκη ετικέτας
Δεν υπάρχουν, Καταχωρήστε ετικέτα πρώτοι!

MARC

LEADER 00000cam a2200000 i 4500
001 1/38163
008 131111r2012 gr | ||| |||| ||gre||
020 |a 9789604614561  
035 |l 10115967 
040 |a GR-MyUA  |b gre  |e AACR2 
041 0 |a gre 
082 0 |a 025.04   |2 (22)  
100 1 |a Manning, Christopher D. 
245 1 0 |a Εισαγωγή στην ανάκτηση πληροφοριών /   |c Christopher D. Manning, Prabhakar Raghavan, Hinrich Schutze ; μετάφραση Δημήτρης Κωστάκης ; επιστημονική επιμέλεια ελληνικής έκδοσης Ιωάννης Ρεφανίδης.  
260 |a Αθήνα :   |b Κλειδάριθμος,   |c c2012.  
300 |a 576 σ. :   |b σχέδια, πίν. ;   |c 29 εκ.  
500 |a Τίτλος πρωτοτύπου: Introduction to information retrieval.  
650 0 0 |a Text processing (Computer science) 
650 0 0 |a Information retrieval. 
650 0 0 |a Document clustering. 
650 0 0 |a Semantic Web. 
700 1 |a Raghavan, Prabhakar,  |e aut 
700 1 |a Schutze, Hinrich,  |e aut 
700 1 |a Κωστάκης, Δημήτρης,  |e trl 
700 1 |a Ρεφανίδης, Ιωάννης,  |e edt 
852 |a INST  |b SAMOS  |e 20131111  |h 025.04 MAN  |p 005300036000  |q 005300036000  |t BK  |y 0 
852 |a INST  |b SAMOS  |c EUDOXUS  |e 20131111  |h 025.04 MAN  |p 005300036001  |q 005300036001  |t EDX  |y 0 
852 |a INST  |b SAMOS  |c EUDOXUS  |e 20140623  |h 025.04 MAN  |p 005300036842  |q 005300036842  |t EDX  |y 0 
852 |a INST  |b SAMOS  |c EUDOXUS  |e 20170120  |h 025.04 MAN  |p 005300044216  |q 005300044216  |t EDX  |y 23 
852 |a INST  |b SAMOS  |c EUDOXUS  |e 20190514  |h 025.04 MAN  |p 005300045955  |q 005300045955  |t EDX  |y 0 
852 |a INST  |b SAMOS  |c EUDOXUS  |e 20190514  |h 025.04 MAN  |p 005300045956  |q 005300045956  |t EDX  |y 0 
852 |a INST  |b SAMOS  |c EUDOXUS  |e 20191212  |h 025.04 MAN  |p 005300046217  |q 005300046217  |t EDX  |y 0 
901 |a BIBL3-2014-2 
901 |a BIBL3-2013-3 
909 |a Σ  |b 185002 
909 |a Σ  |b 178984 
909 |a Σ  |b 184222 
920 |a ΕΥΔΟΞΟΣ  |b ΕΠΙΣΤΡΟΦΗ  |y Σάμος  |z 2014-06 
920 |a Εύδοξος  |b Επιστροφή  |y Σάμος  |z 2019-12 
920 |a Εύδοξος  |b Παραγγελία  |y Σάμος-ΤΜΠΕΣ  |z 2017-01 
920 |a Εύδοξος  |b Παραγγελία  |y Σάμος-ΤΜΠΕΣ  |z 2019-05 
920 |a ΕΥΔΟΞΟΣ  |b ΕΠΙΣΤΡΟΦΗ  |y Σάμος  |z 2013-11 
970 |a ΚΟΣΙΕΡΗΣ  |b ΧΡΗΣΤΟΣ  |z 2013/11/11